000 00387nam a2200157Ia 4500
005 20240807062350.0
008 240806s9999||||xx |||||||||||||| ||eng||
041 _aeng
082 _a891.438
_bTYAP
100 _aTyagi, Ravindra Nath
245 0 _aPadyatra /
_cTyagi, Ravindra Nath
260 _bNational Publishing House, New Delhi
300 _a105
650 _aHindi
942 _cBK
999 _c16776
_d16776